Tribhuvan University Central Library

Kakshya nauko nepali kitabma aadharit namuna nepali shabdakosh (Record no. 80367)

MARC details
000 -LEADER
fixed length control field 00448nam a22001457a 4500
008 - FIXED-LENGTH DATA ELEMENTS--GENERAL INFORMATION
fixed length control field 170322b xxu||||| |||| 00| 0 eng d
082 ## - DEWEY DECIMAL CLASSIFICATION NUMBER
Classification number CD12716
100 ## - MAIN ENTRY--PERSONAL NAME
Personal name Sharma, Indira
245 ## - TITLE STATEMENT
Title Kakshya nauko nepali kitabma aadharit namuna nepali shabdakosh
260 ## - PUBLICATION, DISTRIBUTION, ETC. (IMPRINT)
Place of publication, distribution, etc Jhapa:
Date of publication, distribution, etc 2073.
502 ## - DISSERTATION NOTE
Dissertation note Dissertation
Degree type Degree in Education
Name of granting institution Shree Kankai Bahumukhi Campus
650 ## - SUBJECT ADDED ENTRY--TOPICAL TERM
Topical term or geographic name as entry element Nepali language
650 ## - SUBJECT ADDED ENTRY--TOPICAL TERM
Topical term or geographic name as entry element Nepali dictionary
-- 158
942 ## - ADDED ENTRY ELEMENTS (KOHA)
Source of classification or shelving scheme Dewey Decimal Classification
Koha item type Audio Visual Materials
Holdings
Withdrawn status Lost status Source of classification or shelving scheme Damaged status Not for loan Home library Current library Date acquired Total Checkouts Full call number Barcode Date last seen Price effective from Koha item type
    Dewey Decimal Classification     Tribhuvan University Central Library Tribhuvan University Central Library 03/22/2017   CD12716 A12661 03/22/2017 03/22/2017 Audio Visual Materials